Darfur (Record no. 14801)
[ view plain ]
| 000 -LEADER | |
|---|---|
| fixed length control field | 01476nam a22003854a 4500 |
| 082 04 - DEWEY DECIMAL CLASSIFICATION NUMBER | |
| Classification number | 962.704/3 |
| 100 1# - MAIN ENTRY--AUTHOR NAME | |
| Personal name | Flint, Julie. |
| 245 10 - TITLE STATEMENT | |
| Title | Darfur |
| 250 ## - EDITION STATEMENT | |
| Edition statement | Rev. & updated ed. |
| 260 ## - PUBLICATION, DISTRIBUTION, ETC. (IMPRINT) | |
| Place of publication | London ; |
| -- | New York : |
| Name of publisher | Zed Books ; |
| Place of publication | New York : |
| Name of publisher | Distributed in the USA exclusively by Palgrave Macmillan, |
| Year of publication | 2008. |
| 300 ## - PHYSICAL DESCRIPTION | |
| Number of Pages | 320 p. : |
| Other physical details | ill. |
| 490 1# - SERIES STATEMENT | |
| Series statement | African arguments |
| 700 1# - ADDED ENTRY--PERSONAL NAME | |
| Personal name | De Waal, Alexander. |
| 856 40 - ELECTRONIC LOCATION AND ACCESS | |
| Uniform Resource Identifier | http://site.ebrary.com/lib/rucke/Doc?id=10255127 |
No items available.
